01356nam a2200337Ia 4500001001200000003000800012006001900020007001500039008004100054010001700095020001500112020001800127020002600145040002100171035002100192050002400213082001400237100002100251245011900272260011200391300003800503504005100541533015200592650003900744650002500783655002900808700002100837710001700858856012600875999001701001ebr10688022CaPaEBRm u cr cn|||||||||081119s2008 enka sb 001 0 eng d z 2008278134 z1860949436 z9781860949432 z9781860949449 (ebook) aCaPaEBRcCaPaEBR a(OCoLC)29475940314aQD79.C4bE77 2008eb04a543.82231 aEttre, Leslie S.10aChapters in the evolution of chromatographyh[electronic resource] /cLeslie S. Ettre ; edited by John V. Hinshaw. aLondon :bImperial College Press ;aSingapore ;aHackensack, NJ :bDistributed by World Scientific,cc2008. axviii, 473 p. :bill. (some col.) aIncludes bibliographical references and index. aElectronic reproduction.bPalo Alto, Calif. :cebrary,d2013.nAvailable via World Wide Web.nAccess may be limited to ebrary affiliated libraries. 0aChromatographic analysisxHistory. 0aChemistry, Analytic. 7aElectronic books.2local1 aHinshaw, John V.2 aebrary, Inc.40uhttp://site.ebrary.com/lib/rucke/Doc?id=10688022zAn electronic book accessible through the World Wide Web; click to view c29658d29658